| 000 | 02179nam a2200277Ia 4500 | ||
|---|---|---|---|
| 999 |
_c52863 _d52863 |
||
| 001 | 19893 | ||
| 003 | GE_BSU | ||
| 005 | 20200426210008.0 | ||
| 008 | 181216s2016||||ge |||||||||||||| ||geo|| | ||
| 020 | _a9789941462399 | ||
| 040 | _cGE_BSU | ||
| 041 | _ageo | ||
| 080 | _a635.1(075.8) ე-13 | ||
| 100 |
_aებრალიძე, ლ. _91797 |
||
| 245 |
_aმებოსტნეობა : _bსახელმძღვანელო / _cლ. ებრალიძე, შ. ლომინაძე ; რედ. რეზო ჯაბნიძე. |
||
| 264 |
_aბათუმი : _bბათუმის შოთა რუსთაველის სახელმწ. უნ-ტის გამ-ბა, _c2016. |
||
| 300 |
_a183 გვ. : _bილ., ცხრ. ; _c22 სმ. |
||
| 500 | _aსახელმძღვანელოში ფართოდაა გაშუქებული საქართველოში გავრცელებული ბოსტნეული კულტურები, მათი ბოტანიკურ - მორფოლოგიური დახასიათება, აგრობიოლოგიური და აგროეკოლოგიური თავისებურებანი. | ||
| 500 | _aწინამდებარე სალექციო კურსი დიდ დახმარებას გაუწევს უმაღლესი სასოფლო - სამეურნეო სასწავლებლების სტუდენტებს, ასევე, აგრარულ სფეროში მომუშავე მეცნიეერებს, სპეციალისტებს და ამ დარგით დაინტერესებულ პირებს. | ||
| 504 | _aგამოყ. ლიტ. გვ. :182 | ||
| 541 | _h6ლ.50თ. | ||
| 653 | _aსოფლის მეურნეობა | ||
| 700 |
_aლომინაძე, შ. _eავტორი _922 |
||
| 700 |
_aჯაბნიძე, რეზო _eრედაქტორი _92484 |
||
| 942 |
_cBK _2udc |
||